MARC

Tag First Indicator Second Indicator Subfields
LEADER 00000cam a2200000 a 4500
001 in00002767521
005 20150922103735.0
008 111026s2012 nyua b 001 0 eng
010 |a  2011043304 
020 |a 9780415875226 (hardback : alk. paper) 
020 |a 0415875226 (hardback : alk. paper) 
020 |a 9780203860267 (ebook) 
020 |a 0203860268 (ebook) 
035 |a (OCoLC)ocn641536898 
040 |a DLC  |c DLC  |d UtOrBLW 
043 |a cl----- 
049 |a TXAM 
050 0 0 |a JL960  |b .R68 2012 
082 0 0 |a 320.98  |2 23 
245 0 0 |a Routledge handbook of Latin American politics /  |c edited by Peter Kingstone and Deborah J. Yashar. 
264 1 |a New York :  |b Routledge,  |c 2012. 
300 |a xxxiv, 596 pages :  |b illustrations ;  |c 26 cm. 
336 |a text  |b txt  |2 rdacontent 
337 |a unmediated  |b n  |2 rdamedia 
338 |a volume  |b nc  |2 rdacarrier 
490 1 |a Routledge handbooks 
504 |a Includes bibliographical references and index. 
505 0 |a The origins and durability of democracy / Gerardo L. Munck -- Presidentialism and legislatures / Mark P. Jones -- Decentralization and federalism / Kent Eaton -- Parties, party systems, and political representation / Kenneth M. Roberts -- "A tale of two cities" : the judiciary and the rule of law in Latin America / Daniel M. Brinks -- The Latin American military / David Pion-Berlin -- Informal institutions and politics in Latin America / Steven Levitsky -- Accountability and representation in Latin America / Frances Hagopian -- Human rights and military abuses / Anthony W. Pereira -- Neoliberalism and its alternatives / Javier Corrales -- Declining inequality in Latin America : some economics, some politics / Nancy Birdsall, Nora Lustig, and Darryl McLeod -- Environment and sustainable development / Eduardo Silva -- Social policies in Latin America : causes, characteristics, and consequences / James W. McGuire -- The political economy of regulatory policy : economic crisis and privatization in the 1990s / Luigi Manzetti and Carlos Rufin -- Social movements in Latin America / Kathryn Hochstetler -- Understanding the vagaries of civil society and participation in Latin America / Philip Oxhorn -- Labor / Maria Lorena Cook -- Business politics in Latin America : investigating structures, preferences, and influence / Sebastian Karcher and Ben Ross Schneider -- Indigenous politics : between democracy and danger / José Antonio Lucero -- Race, politics, and Afro-Latin Americans / Ollie A. Johnson III -- Gender / Lisa Baldez -- U.S.-Latin American relations : power, politics, and cooperation / Peter H. Smith -- Intra-Latin American relations : the challenge of promoting cooperation while defending sovereignty / David R. Mares -- International economic relations/international development institutions / Grigore Pop-Eleches -- The politics of drugs and illicit trade in the Americas / Peter Andreas and Angelica Duran Martinez -- Institutionalism / Aníbal Pérez-Liñán and Néstor Castañeda Angarita -- Culture and/or postmodernism / Sujatha Fernandes -- The integration of rational choice into the study of politics in Latin America / Barbara Geddes -- The enduring influence of historical-structural approaches / Jennifer Cyr and James Mahoney -- Natural and field experiments in the study of Latin American politics / Thad Dunning -- Public opinion research in Latin America / Elizabeth J. Zechmeister and Mitchell A. Seligson -- What's next? Reflections on the future of Latin American political science / Barry Ames, Miguel Carreras, and Cassilde Schwartz -- The blessings of troubles : scholarly innovation in response to Latin America's challenges / Jorge I. Domínguez -- State of the field : political regimes and the study of democratic politics / Robert R. Kaufman -- Latin American political regimes in comparative perspective / Adam Przeworski -- Popular representation in contemporary Latin American politics : an agenda for research / Ruth Berins Collier and Christopher Chambers-Ju. 
651 0 |a Latin America  |x Politics and government  |y 1980- 
651 0 |a Latin America  |x Politics and government  |y 1948-1980. 
650 0 |a Democracy  |z Latin America. 
651 0 |a Latin America  |x Social conditions  |y 1982- 
651 0 |a Latin America  |x Economic conditions  |y 1982- 
651 0 |a Latin America  |x Economic policy. 
651 0 |a Latin America  |x Social policy. 
651 0 |a Latin America  |x Foreign relations  |y 1980- 
700 1 |a Kingstone, Peter R.,  |d 1964- 
700 1 |a Yashar, Deborah J.,  |d 1963- 
830 0 |a Routledge handbooks. 
945 |a PromptCat  |b 947241 
946 |a stk 
947 |a A14835895788 
948 |a cataloged  |b h  |c 2012/7/18  |d c  |e dmitchel  |f 10:10:10 am 
994 |a 92  |b TXA 
999 |a MARS 
999 f f |s 0b99606c-0d69-3c66-86cd-cf8536e5c978  |i 1929dc33-1043-396b-a0e8-c9807339beab  |t 0 
952 f f |p normal  |a Texas A&M University  |b College Station  |c Sterling C. Evans Library  |d Evans: Library Stacks  |t 0  |e JL960 .R68 2012  |h Library of Congress classification  |i unmediated -- volume  |m A14835895788 
998 f f |a JL960 .R68 2012  |t 0  |l Evans: Library Stacks